The noble scholar, jurist, historian


 His Excellency Dr. Abdul Wahhab bin Ibrahim Abu Sulaiman, may Allah have mercy on him.


 He was born in Umm Al-Qura in the year 1356 AH.

تأسيس عمر بن الخطاب رضي الله عنه للديوان / (Record no. 7136)

MARC details
000 -LEADER
fixed length control field 01438cam a2200313 i 4500
003 - CONTROL NUMBER IDENTIFIER
control field SA-RiAUC
005 - DATE AND TIME OF LATEST TRANSACTION
control field 20250417081357.0
008 - FIXED-LENGTH DATA ELEMENTS--GENERAL INFORMATION
fixed length control field 250328s1998 su g 000r0 ara c
040 ## - CATALOGING SOURCE
Original cataloging agency SA-RiAUC
Language of cataloging ara
Transcribing agency SA-RiAUC
Description conventions rda
041 1# - LANGUAGE CODE
Language code of text/sound track or separate title ara
Language code of original tur
082 04 - DEWEY DECIMAL CLASSIFICATION NUMBER
Classification number 257.2
090 ## - LOCALLY ASSIGNED LC-TYPE CALL NUMBER (OCLC); LOCAL CALL NUMBER (RLIN)
Classification number (OCLC) (R) ; Classification number, CALL (RLIN) (NR) 257.2
Local cutter number (OCLC) ; Book number/undivided call number, CALL (RLIN) ف ا ي
100 ## - MAIN ENTRY--PERSONAL NAME
Personal name فايدة، مصطفى.
Relator term مؤلف.
245 10 - TITLE STATEMENT
Title تأسيس عمر بن الخطاب رضي الله عنه للديوان /
Statement of responsibility, etc. تأليف مصطفى فايدة ؛ نقله من التركية الى العربية مسعد بن سويلم الشامان.
250 ## - EDITION STATEMENT
Edition statement الطبعة الأولى.
264 #1 - PRODUCTION, PUBLICATION, DISTRIBUTION, MANUFACTURE, AND COPYRIGHT NOTICE
Place of production, publication, distribution, manufacture الرياض :
Name of producer, publisher, distributor, manufacturer مركز الملك فيصل للبحوث والدراسات الإسلامية،
Date of production, publication, distribution, manufacture, or copyright notice 1998
300 ## - PHYSICAL DESCRIPTION
Extent 156 صفحة ؛
Dimensions 24 سم.
336 ## - CONTENT TYPE
Content type term نص
Content type code txt
Source rdacontent
Materials specified كتاب
337 ## - MEDIA TYPE
Media type term بدون وسيط
Media type code n
Source rdamedia
338 ## - CARRIER TYPE
Carrier type term مجلد
Carrier type code nc
Source rdacarrier
440 #0 - SERIES STATEMENT/ADDED ENTRY--TITLE
Title إصدارات مركز الملك فيصل للبحوث والدراسات الإسلامية
Volume/sequential designation 18
600 07 - SUBJECT ADDED ENTRY--PERSONAL NAME
Personal name عمر بن الخطاب بن نفيل القرشي،
Dates associated with a name 40 قبل الهجرة-23 هجري
Source of heading or term aucnm
650 #7 - SUBJECT ADDED ENTRY--TOPICAL TERM
Topical term or geographic name entry element النظام المالي في الإسلام
Source of heading or term aucsh
650 #7 - SUBJECT ADDED ENTRY--TOPICAL TERM
Topical term or geographic name entry element الخراج
Source of heading or term aucsh
650 #7 - SUBJECT ADDED ENTRY--TOPICAL TERM
Topical term or geographic name entry element الجزية
Source of heading or term aucsh
700 1# - ADDED ENTRY--PERSONAL NAME
Personal name الشامان، مسعد سويلم علي،
Dates associated with a name 1372 هجري-
Relator term معرب.
942 ## - ADDED ENTRY ELEMENTS (KOHA)
Source of classification or shelving scheme Dewey Decimal Classification
Koha item type Books
Suppress in OPAC No
949 ## - LOCAL PROCESSING INFORMATION (OCLC)
a SA-JeALM
d 250328
u mohamedma123
n 1
Holdings
Withdrawn status Lost status Source of classification or shelving scheme Damaged status Not for loan Home library Current library Date acquired Total checkouts Full call number Barcode Date last seen Price effective from Koha item type
    Dewey Decimal Classification     DR AbdElwahab Library DR AbdElwahab Library 04/17/2025   257.2 ف ا ي 000011899 04/17/2025 04/17/2025 Books
    Dewey Decimal Classification     DR AbdElwahab Library DR AbdElwahab Library 07/28/2025   257.2 ف ا ي 000016855 07/28/2025 07/28/2025 Books